LIBRARY & INFORMATION CENTRE, KCAET, TAVANUR

ONLINE PUBLIC ACCESS CATALOGUE (OPAC)

Old Testament Stories / (Record no. 980)

MARC details
000 -LEADER
fixed length control field 00416cam a2200169ua 4500
041 ## - LANGUAGE CODE
Language code of text/sound track or separate title eng
082 ## - DEWEY DECIMAL CLASSIFICATION NUMBER
Classification number 823.308
Item number DOW/OL
100 ## - MAIN ENTRY--AUTHOR NAME
Personal name Dower, Pauline .
245 ## - TITLE STATEMENT
Title Old Testament Stories /
260 ## - PUBLICATION, DISTRIBUTION, ETC. (IMPRINT)
Place of publication London :
Name of publisher Oxford University Press ,
Year of publication 1961.
300 ## - PHYSICAL DESCRIPTION
Number of Pages 16 ; .
942 ## - ADDED ENTRY ELEMENTS (KOHA)
Koha item type Books
Holdings
Withdrawn status Lost status Damaged status Home library Current library Date acquired Cost, normal purchase price Full call number Accession Number Koha item type Public note
Withdrawn     KAUAET Malayalam University 07/04/2012 1.30 823.308 6581 Books Transferred to Malayalam University
Withdrawn     KAUAET Malayalam University 07/04/2012 1.30 823.308 6586 Books Transferred to Malayalam University
Withdrawn     KAUAET Sanskrit University 07/04/2012 1.30 823.308 6583 Books Transferred to Sanskrit University
free website counter